| 000 | 00689cab a2200229 4500 | ||
|---|---|---|---|
| 001 | WB3431-24 | ||
| 008 | 090401t1998 xxu||||| |||| 00| 0 eng d | ||
| 035 | _a(Sirsi) u87978 | ||
| 041 | _aeng | ||
| 245 | _aHouse repossessions rise | ||
| 260 | _c1998 | ||
| 350 | _a0 | ||
| 490 |
_aTimes _v12 August 1998, 21(1) |
||
| 520 | _aHouse repossessions have risen by 18 per cent since June 1997, according to figures from the Lord Chancellor`s Department. | ||
| 650 | _aINTEREST RATES | ||
| 650 | _aMORTGAGE LENDING | ||
| 650 | _aNEGATIVE EQUITY | ||
| 650 | _aREPOSSESSION | ||
| 690 | _aPROPERTY-RESIDENTIAL PROPERTY-RESIDENTIAL PROPERTY MARKET | ||
| 942 | _n0 | ||
| 948 | _c12/08/1998 | ||
| 999 |
_c55536 _d55536 |
||